Výročná správa o činnosti Sociálnej poisťovne v roku 2003

Pokračovanie z č. 8/2004. Ďalšie časti Výročnej správy o činnosti Sociálnej poisťovne v roku 2003. Nemocenské poistenie, úrazové poistenie a zdravotnícke činnosti. Ekonomika a správa budov. Rozvoj informačného systému. Výpočtová technika, stav a prevádzkovanie informačného systému.

Guardado en:
Detalles Bibliográficos
Formato: Capítulo de libro
Lenguaje:eslovaco
Materias:
Etiquetas: Agregar Etiqueta
Sin Etiquetas, Sea el primero en etiquetar este registro!

MARC

LEADER 00000naa$a2200000$$$4500
001 0019109
005 20230925073951.2
041 0 |a slo 
044 |a SK 
245 1 0 |a Výročná správa o činnosti Sociálnej poisťovne v roku 2003 
520 |a Pokračovanie z č. 8/2004. Ďalšie časti Výročnej správy o činnosti Sociálnej poisťovne v roku 2003. Nemocenské poistenie, úrazové poistenie a zdravotnícke činnosti. Ekonomika a správa budov. Rozvoj informačného systému. Výpočtová technika, stav a prevádzkovanie informačného systému. 
610 2 0 |a poisťovne 
610 2 0 |a správy výročné 
610 2 0 |a Slovensko 
610 2 0 |a Sociálna poisťovňa, a.s. Bratislava 
610 2 0 |a 2003